01337cam a22002771 450000100060000000300080000600500170001400800390003103500190007003500180008904000420010704100130014908200220016210000370018424502350022125000120045626000430046830000250051149002540053650500910079065000250088170000470090670000430095370000430099670000200103929174BD-RjUL20211209051400.0140402s1880 nyu 000 0 eng a(BD-RjUL)29259 a(OCoLC)494491 aDLCcOKentUdOCoLCdDLCdBD-RjULbeng1 aenghger a109bUEH V-1 18801 aUeberweg, Friedrich,d1826-1871.12aA History of philosophy :bfrom Thales to the present time /cBy Dr. Friedrich Ueberweg ; tr. from the 4th German ed. by Geo. S. Morris. With additions, by Noah Porter. nVOL. I : History of the Ancient and Mediaval Philosophy. a3rd ed. aLondon :bHodder and Stoughton,c1880. axv, 487 p. ;c25 cm.0 aTheological and philosophical library: a series of text-books, original and translated for colleges and theological seminaries / ed. by Henry B. Smith, and Philip Schaff. vols. I.-II. of the philosophical division: Ueberweg's History of Philosophy.0 aI. History of the ancient and mediƦval philosophy.--II. History of modern philosophy. 0aPhilosophyxHistory.1 aMorris, George Sylvester,d1840-1889,etr.1 aSmith, Henry Boynton,d1815-1877,eed.1 aSchaff, Philip,d1819-1893,ejoint ed.1 a Porter, Noah.